00445nam a22001697a 450000500170000001000150001702000260003203500140005803700090007208200090008110000160009024500390010625000060014526000340015127000700018530000200025520260514113459.0 aENG-148471 a9789392210426c595.00 aEN-132003 bDBAD aS21 aTe Lawrence aRevolt in the Desert/cTe Lawrence a1 aChandigarhbThe Browserc2024 bChandigarhaSCO 14-15, Sector 8-Ce160009mservice@thebrowser.org a409p.c21cm(pb)